• 首页
  • 本馆介绍
  • 公告通知
  • 最新文献
  • 馆藏检索
  • 电子资源
  • 读者导购
  • 参考咨询
  • 我的图书馆
  • 登录
  • 详细信息显示
  • 放入我的书架
  • 预约/预借图书
  • 作者相关作品
  • 分类相关作品
  • 丛书相关作品
  • 出版社相关作品

书目信息

  • 表格格式
  • 工作单格式
  • 卡片格式
题名:
煤层气开发地质学理论与方法
    
 
作者: 孟召平, , 田永东, , 李国富, 著
分册:  
出版信息: 北京   科学出版社  2010
页数: 298页
开本: 26cm
丛书名:
单 册:
中图分类: P618.110.2
科图分类:
主题词: 煤层--mei ceng--地下气化煤气--采矿地质学
电子资源:
ISBN: 978-7-03-029114-1
000 01168nam0 2200289 450
001 012001000828
005 20131106183943.0
010    @a978-7-03-029114-1@dCNY45.00
099    @aCAL 012010251833
100    @a20051116d2010 em y0chiy50 ea
101 0  @achi
102    @aCN@b110000
105    @aak a 000yy
106    @ar
200 1  @a煤层气开发地质学理论与方法@Amei ceng qi kai fa di zhi xue li lun yu fang fa@d= Theory and method of coalbed methane development geology@f孟召平, 田永东, 李国富著@zeng
210    @a北京@c科学出版社@d2010
215    @a298页@c图@d26cm
300    @a湖北省“楚天学者计划”特聘岗位国家自然科学基金(编号:40772100) 国家自然科学基金会重点项目(编号:41030422) 国家重点基础研究发展计划(“973”计划)项目(编号:2007CB209405)
320    @a有书目
510 1  @aTheory and method of coalbed methane development geology@zeng
606 0  @a煤层@Amei ceng@x地下气化煤气@x采矿地质学
690    @aP618.110.2@v4
701  0 @a孟召平,@Ameng zhao ping@f1963-@4著
701  0 @a田永东,@Atian yong dong@f1969-@4著
701  0 @a李国富,@Ali guo fu@f1965-@4著
801  0 @aCN@b北京卓展文化@c20191020
905    @b1196915-8@dP618.110.2@e101@f4
    
    煤层气开发地质学理论与方法= Theory and method of coalbed methane development geology/孟召平, 田永东, 李国富著.-北京:科学出版社,2010
    298页:图;26cm
    湖北省“楚天学者计划”特聘岗位国家自然科学基金(编号:40772100) 国家自然科学基金会重点项目(编号:41030422) 国家重点基础研究发展计划(“973”计划)项目(编号:2007CB209405)
    
    ISBN 978-7-03-029114-1:CNY45.00
    
●
相关链接 在E读中查询图书 在五车中查询图书 在当当中查询图书 在豆瓣中查询图书


正题名:煤层气开发地质学理论与方法     索取号:P618.110.2/101         预约/预借

序号 登录号 条形码 馆藏地/架位号 状态 备注
1 1196915   211969155   第二样本阅览室/ [索取号:P618.110.2/101] 在馆    
2 1196916   211969164   第三借阅区/ [索取号:P618.110.2/101] 在馆    
3 1196917   211969173   第三借阅区/ [索取号:P618.110.2/101] 在馆    
4 1196918   211969182   第三借阅区/ [索取号:P618.110.2/101] 在馆    
唐山师范学院图书馆 欢迎您!
大连网信软件有限公司© 版权所有